Представление документа в формате RUSMARC

ПолеНазваниеЗначение
  Тип записи a
  Библиографический уровень m
001 Контрольный номер UONB/MAIN/b12e15acf1d74180b2df233e2126fa2f
005 Дата корректировки 20260421152038.9
010 Индекс ISBN __
a ISBN 978-5-392-43162-5
b Уточнения в пер.
9 Тираж 5000 экз.
100 Данные общей обработки __
a Данные общей обработки 20260402d2025 u y0rusy0189 ca
101 Язык документа 0_
a Язык текста rus
102 Страна публикации __
a Страна публикации RU
105 Кодированные данные (монография) __
a Кодированные данные (монография) a z 001yy
200 Заглавие и сведения об ответственности 1_
a Заглавие Сталин. Немыслимая судьба
f Первые сведения об ответственности Святослав Рыбас, Екатерина Рыбас
203 Вид содержания и тип средства __
a Вид содержания Текст
b Характеристика содержания визуальный
c Тип средства непосредственный
210 Выходные данные 1_
a Место издания Москва
c Издательство Российское военно-историческое общество
c Издательство Проспект
d Дата издания 2025
215 Физическое описание __
a Объем 1247, [1] с.
d Формат 22 см
c Иллюстрации/тип воспроизводства ил.
225 Серия 1_
a Серия Собиратели Земли Русской
320 Библиография __
a Библиография Библиогр.: с. 1223-1236
333 Примечание о целевом назначении __
a Примечание о целевом назначении 12+
516 Заглавие на корешке 1_
a Заглавие на корешке Сталин
517 Другие варианты заглавия 1_
a Другие варианты заглавия Сталин: немыслимая судьба
601 Наименование организации как предмет 02
a Наименование организации как предмет КПСС
x Тематический подзаголовок История
606 Тематические рубрики 0_
a Основная рубрика Государственные и политические деятели СССР
x Основная подрубрика История
j Формальный подзаголовок Биографии
607 Географические рубрики __
a Географическое наименование Россия
x Тематический подзаголовок История
z Хронологический подзаголовок 20 в.
610 Ключевые слова 0_
a Ключевые слова биографии политических деятелей СССР; государственные и политические деятели СССР; КПСС; история КПСС; история России 20 в.
686 Индексы других классификаций __
2 Код системы rubbk
a Классификационный индекс 63.3(2)6-8
686 Индексы других классификаций __
a Классификационный индекс 66.61(2)2-8
2 Код системы rubbk
700 Автор _1
a Фамилия Рыбас
b Имя (инициалы) С. Ю.
g Полное личное имя Святослав Юрьевич
701 Альтернативная интеллектуальная ответственность _1
a Фамилия Рыбас
b Имя (инициалы) Е. С.
g Полное личное имя Екатерина Святославовна
801 Источник записи _0
a Страна RU
b Организация Ульяновская ОНБ
c Дата составления 20260402
g Правила каталогизации RCR
801 Источник записи _1
a Страна RU
b Организация Ульяновская ОНБ
c Дата составления 20260402
g Правила каталогизации RCR
900 Электронные ресурсы __
a Имя электронного ресурса проспект20260112
900 Электронные ресурсы __
a Имя электронного ресурса проспект20260113
901 Тип документа __
t Тип документа m
909 Создатель записи __
a Создатель записи Егорова Э. А.
b Дата создания записи 20260402
910 Корректоры записи __
a Корректор записи Седова
b Дата внесения изменения в запись 20260421